000 00403nam a2200133Ia 4500
008 100328s9999 xx 000 0 und d
082 _b50495
100 _aकाळे व.पु.
245 _aमाझ माझ्यापाशी.
260 _bऔदुंबर
630 _aमाझ माझ्यापाशी.
730 _aमाझ माझ्यापाशी.
942 _cBOOK
999 _c537618
_d537615